000 00413nam a2200181Ia 4500
001 7340
005 20260306160448.0
008 260306t2011||||xx |||||||||||||| ||spa||
041 _aESP
082 _a338.5
_bS36
100 _aSegura, Julio
_eAUT
245 0 _aAnálisis microeconómico
260 _c2011
300 _a449 páginas :
_c23 cm.
650 _aGEN
654 _aCAN
942 _cLIB
_dJUS
_fJUS
_2ddc
_n
999 _c7340
_d7340